[Event "COL-ch U18 Girls"]
[Site "Florencia"]
[Date "2013.06.03"]
[Round "7"]
[White "Cardoso Cardoso, Jaidy Marcela"]
[Black "Galvis, Selene"]
[Result "1-0"]
[WhiteElo "1668"]
[BlackElo "1762"]
[PlyCount "47"]
[EventDate "2013.05.31"]
[EventType "swiss"]
[EventRounds "7"]
[EventCountry "COL"]
[SourceTitle "CBM 154 Extra"]
[Source "ChessBase"]
[SourceDate "2013.06.25"]
[SourceVersion "2"]
[SourceVersionDate "2013.06.25"]
[SourceQuality "1"]

1. d4 d5 2. Nf3 e6 3. c4 Nf6 4. Nc3 Nbd7 5. Bg5 h6 6. Bh4 Be7 7. e3 c5 8. Rc1 cxd4 9. Nxd4 Nb6 10. cxd5 Nfxd5 11. Bxe7 Qxe7 12. Be2 0-0 13. 0-0 Nxc3 14. Rxc3 Rd8 15. Qc2 Nd5 16. Rc4 e5 17. Nb5 a6 18. Nc7 Nxc7 19. Rxc7 Qe6 20. Bc4 Qf5 21. Bxf7+ Qxf7 22. Rxf7 Kxf7 23. Qc7+ Rd7 24. Qxe5 1-0

[Event "COL-ch U18 Girls"]
[Site "Florencia"]
[Date "2013.05.31"]
[Round "1"]
[White "Mercado, Luisa Fernanda"]
[Black "Galvis, Selene"]
[Result "1-0"]
[WhiteElo "2047"]
[BlackElo "1762"]
[PlyCount "57"]
[EventDate "2013.05.31"]
[EventType "swiss"]
[EventRounds "7"]
[EventCountry "COL"]
[SourceTitle "CBM 154 Extra"]
[Source "ChessBase"]
[SourceDate "2013.06.25"]
[SourceVersion "2"]
[SourceVersionDate "2013.06.25"]
[SourceQuality "1"]

1. e4 c5 2. Nc3 Nf6 3. f4 d6 4. Nf3 e6 5. Bb5+ Nbd7 6. 0-0 Be7 7. e5 dxe5 8. fxe5 Nd5 9. Nxd5 exd5 10. e6 fxe6 11. Ne5 Qb6 12. Qh5+ Kd8 13. Nf7+ Kc7 14. Nxh8 c4+ 15. d4 cxd3+ 16. Kh1 Qxb5 17. Bf4+ Bd6 18. Bxd6+ Kxd6 19. Nf7+ Ke7 20. Qg5+ Nf6 21. Qxg7 Qxb2 22. cxd3 Bd7 23. Ng5+ Kd6 24. Qxf6 Qd2 25. Rac1 Bc6 26. d4 Rg8 27. Qe5+ Kd7 28. Rf7+ Kc8 29. Qc7# 1-0

[Event "Cali Region-ch U18 Girls"]
[Site "Cali"]
[Date "2013.04.20"]
[Round "3.2"]
[White "Galvis, Selene"]
[Black "Viveros Torres, Erica Johana"]
[Result "1-0"]
[WhiteElo "1799"]
[BlackElo "1501"]
[PlyCount "61"]
[EventDate "2013.04.19"]
[EventType "tourn"]
[EventRounds "5"]
[EventCountry "COL"]
[SourceTitle "EXT 2024"]
[Source "ChessBase"]
[SourceDate "2023.10.10"]
[SourceVersion "1"]
[SourceVersionDate "2023.10.10"]
[SourceQuality "1"]

1. c4 e5 2. Nc3 Nf6 3. g3 Nc6 4. Bg2 Bc5 5. Nf3 d5 6. cxd5 Nxd5 7. d3 Be6 8. 0-0 0-0 9. Bd2 Re8 10. a3 Qd6 11. Ne4 Qe7 12. Nxc5 Qxc5 13. b4 Qd6 14. Ng5 Bg4 15. Ne4 Qd8 16. Nc5 Rb8 17. Rc1 Bh5 18. Nxb7 Nd4 19. Nxd8 Nxe2+ 20. Qxe2 Bxe2 21. Rfe1 Rbxd8 22. Rxe2 Re7 23. Be3 Nb6 24. Rd2 h6 25. d4 exd4 26. Rxd4 Rxd4 27. Bxd4 Rd7 28. Be5 Nd5 29. Bxd5 Rxd5 30. Bxc7 Rd3 31. a4 1-0

[Event "Latin Cup-B U14 3rd"]
[Site "Cali"]
[Date "2012.10.06"]
[Round "5"]
[White "Galvis, Selene"]
[Black "Ribero, Guillermo Andres"]
[Result "1-0"]
[WhiteElo "1802"]
[BlackElo "1799"]
[PlyCount "71"]
[EventDate "2012.10.04"]
[EventType "swiss"]
[EventRounds "9"]
[EventCountry "COL"]
[SourceTitle "CBM 150 Extra"]
[Source "ChessBase"]
[SourceDate "2012.10.19"]
[SourceVersion "1"]
[SourceVersionDate "2012.10.19"]
[SourceQuality "1"]

1. c4 c5 2. g3 Nc6 3. Bg2 Nf6 4. Nf3 d5 5. cxd5 Nxd5 6. Nc3 e6 7. 0-0 Be7 8. a3 Bd7 9. d3 0-0 10. e4 Nb6 11. Be3 e5 12. Nd5 Be6 13. Nxe7+ Qxe7 14. Qc2 Nd7 15. Rac1 c4 16. dxc4 Na5 17. c5 Nb3 18. Rcd1 Nbxc5 19. Bxc5 Nxc5 20. b4 Nd7 21. Qc7 b6 22. Qd6 Qxd6 23. Rxd6 Bc4 24. Rfd1 Bb5 25. Rxd7 Bxd7 26. Rxd7 f6 27. Ne1 Rfc8 28. f4 Rc1 29. Kf2 exf4 30. gxf4 Rc3 31. a4 Ra3 32. e5 fxe5 33. Bxa8 Rxa4 34. fxe5 Rxb4 35. Rxa7 Re4 36. Bxe4 1-0

[Event "Cali Region-ch U14 Girls"]
[Site "Cali"]
[Date "2012.03.10"]
[Round "3.5"]
[White "Norena, Derly Jiseth"]
[Black "Galvis, Selene"]
[Result "0-1"]
[WhiteElo "1352"]
[BlackElo "1802"]
[PlyCount "22"]
[EventDate "2012.03.09"]
[EventType "swiss"]
[EventRounds "7"]
[EventCountry "COL"]
[SourceTitle "EXT 2024"]
[Source "ChessBase"]
[SourceDate "2023.10.10"]
[SourceVersion "1"]
[SourceVersionDate "2023.10.10"]
[SourceQuality "1"]

1. e4 c5 2. Nf3 d6 3. Bc4 Nf6 4. Nc3 a6 5. 0-0 b5 6. Bb3 c4 7. d4 cxb3 8. axb3 Bb7 9. Re1 b4 10. Bg5 bxc3 11. Bxf6 cxb2 0-1

[Event "Valle Region-ch U16 Girls"]
[Site "Cali"]
[Date "2012.02.18"]
[Round "6.3"]
[White "Galvis, Selene"]
[Black "Viveros, Mariana Yibeth"]
[Result "1-0"]
[WhiteElo "1818"]
[BlackElo "1690"]
[PlyCount "47"]
[EventDate "2012.02.16"]
[EventType "swiss"]
[EventRounds "7"]
[EventCountry "COL"]
[SourceTitle "EXT 2024"]
[Source "ChessBase"]
[SourceDate "2023.10.10"]
[SourceVersion "1"]
[SourceVersionDate "2023.10.10"]
[SourceQuality "1"]

1. e4 e5 2. Nf3 Nc6 3. Bb5 a6 4. Ba4 b5 5. Bb3 Nf6 6. 0-0 Bc5 7. c3 0-0 8. Re1 d6 9. h3 Be6 10. Bc2 Re8 11. d4 exd4 12. cxd4 Bb4 13. Nc3 Ne7 14. Bg5 h6 15. Bxf6 gxf6 16. Nh2 Ng6 17. Qh5 Kg7 18. Re3 Bxc3 19. bxc3 Rg8 20. Rg3 Qf8 21. e5 fxe5 22. dxe5 Kh7 23. exd6 cxd6 24. Nf3 1-0

[Event "Valle Region-ch U16 Girls"]
[Site "Cali"]
[Date "2012.02.17"]
[Round "5.2"]
[White "Espana Londono, Angie Lorena"]
[Black "Galvis, Selene"]
[Result "0-1"]
[WhiteElo "1344"]
[BlackElo "1818"]
[PlyCount "50"]
[EventDate "2012.02.16"]
[EventType "swiss"]
[EventRounds "7"]
[EventCountry "COL"]
[SourceTitle "EXT 2024"]
[Source "ChessBase"]
[SourceDate "2023.10.10"]
[SourceVersion "1"]
[SourceVersionDate "2023.10.10"]
[SourceQuality "1"]

1. e4 c5 2. Nc3 d6 3. f4 Nc6 4. Bb5 Bd7 5. Bxc6 Bxc6 6. Nf3 e6 7. 0-0 Nf6 8. d3 Be7 9. Kh1 0-0 10. e5 dxe5 11. fxe5 Ng4 12. Qe1 Kh8 13. Qg3 Bxf3 14. Rxf3 f5 15. Qf4 Qd4 16. Be3 Nxe3 17. Qxe3 Qxe3 18. Rxe3 a6 19. g3 f4 20. gxf4 Rxf4 21. Kg2 Raf8 22. Kh1 Rf2 23. Re2 Rxe2 24. Nxe2 Rf5 25. Kg2 Rxe5 0-1

[Event "Cali Primer Valle (Women)"]
[Site "Cali"]
[Date "2012.02.11"]
[Round "5.1"]
[White "Galvis, Selene"]
[Black "Dominguez, Laura Lucia"]
[Result "0-1"]
[WhiteElo "1818"]
[BlackElo "1949"]
[PlyCount "48"]
[EventDate "2012.02.10"]
[EventType "swiss"]
[EventRounds "7"]
[EventCountry "COL"]
[SourceTitle "EXT 2024"]
[Source "ChessBase"]
[SourceDate "2023.10.10"]
[SourceVersion "1"]
[SourceVersionDate "2023.10.10"]
[SourceQuality "1"]

1. e4 c5 2. Nf3 g6 3. d4 cxd4 4. Nxd4 Nc6 5. Nc3 Bg7 6. Be3 Nf6 7. Qd2 0-0 8. 0-0-0 Ng4 9. Nxc6 bxc6 10. Bd4 Bh6 11. Be3 Nxe3 12. fxe3 Qb6 13. Re1 Bg7 14. Bc4 Rb8 15. Bb3 a5 16. Na4 Qc7 17. h4 c5 18. Bc4 Bb7 19. Qd3 d6 20. Bd5 Bc6 21. Bxc6 Qxc6 22. Nc3 a4 23. Qd5 Qxd5 24. exd5 a3 0-1

[Event "Cali Primer Valle (Women)"]
[Site "Cali"]
[Date "2012.02.11"]
[Round "3.1"]
[White "Galvis, Selene"]
[Black "Saenz, Estefany"]
[Result "1/2-1/2"]
[WhiteElo "1818"]
[BlackElo "1632"]
[PlyCount "57"]
[EventDate "2012.02.10"]
[EventType "swiss"]
[EventRounds "7"]
[EventCountry "COL"]
[SourceTitle "EXT 2024"]
[Source "ChessBase"]
[SourceDate "2023.10.10"]
[SourceVersion "1"]
[SourceVersionDate "2023.10.10"]
[SourceQuality "1"]

1. c4 Nf6 2. g3 g6 3. Bg2 Bg7 4. Nf3 0-0 5. Nc3 d6 6. Rb1 Nbd7 7. b4 Rb8 8. a4 b6 9. 0-0 Bb7 10. d4 c5 11. dxc5 dxc5 12. bxc5 Nxc5 13. Be3 Ne6 14. a5 Ng4 15. axb6 axb6 16. Bxb6 Qxd1 17. Nxd1 Ba6 18. Rb4 Rfc8 19. h3 Ne5 20. Nxe5 Bxe5 21. Ne3 Bd4 22. Rfb1 Bxb6 23. Rxb6 Rxb6 24. Rxb6 Bxc4 25. Nxc4 Rxc4 26. Bd5 Rc1+ 27. Kg2 Nf8 28. h4 Rc2 29. e3 1/2-1/2

[Event "Cali Primer Valle (Women)"]
[Site "Cali"]
[Date "2012.02.10"]
[Round "2.1"]
[White "Rua, Nora L"]
[Black "Galvis, Selene"]
[Result "1-0"]
[WhiteElo "1923"]
[BlackElo "1818"]
[PlyCount "32"]
[EventDate "2012.02.10"]
[EventType "swiss"]
[EventRounds "7"]
[EventCountry "COL"]
[SourceTitle "EXT 2024"]
[Source "ChessBase"]
[SourceDate "2023.10.10"]
[SourceVersion "1"]
[SourceVersionDate "2023.10.10"]
[SourceQuality "1"]

1. d4 d5 2. c4 e6 3. Nc3 Nf6 4. Nf3 Nbd7 5. Bg5 Be7 6. e3 h6 7. Bh4 0-0 8. Qc2 c5 9. Rd1 cxd4 10. Nxd4 Qc7 11. cxd5 Nxd5 12. Nxd5 Qa5+ 13. b4 Bxb4+ 14. Nxb4 Qxb4+ 15. Qd2 Qa3 16. Bg3 Nf6 1-0

[Event "Cali Region-ch U18 Girls"]
[Site "Cali"]
[Date "2011.12.04"]
[Round "2.3"]
[White "Viveros, Mariana Yibeth"]
[Black "Galvis, Selene"]
[Result "1-0"]
[WhiteElo "1727"]
[BlackElo "1896"]
[PlyCount "49"]
[EventDate "2011.12.04"]
[EventType "swiss"]
[EventRounds "5"]
[EventCountry "COL"]
[SourceTitle "EXT 2024"]
[Source "ChessBase"]
[SourceDate "2023.10.10"]
[SourceVersion "1"]
[SourceVersionDate "2023.10.10"]
[SourceQuality "1"]

1. e4 c5 2. Nf3 d6 3. d4 cxd4 4. Nxd4 Nf6 5. Nc3 a6 6. f3 e6 7. Be3 Be7 8. Be2 0-0 9. Qd2 Nbd7 10. f4 Qc7 11. 0-0 b5 12. a3 Bb7 13. Bf3 Nc5 14. b4 Ncxe4 15. Nxe4 Bxe4 16. Bxe4 Nxe4 17. Qd3 d5 18. f5 exf5 19. Nxf5 Bf6 20. Rac1 Qc4 21. Rfd1 Rfd8 22. Bb6 Rd7 23. Ne3 Nc3 24. Nxc4 Nxd1 25. Qxd1 1-0

[Event "Cali Region-ch U16 Girls"]
[Site "Cali"]
[Date "2011.12.04"]
[Round "1.2"]
[White "Viveros Torres, Erica Johana"]
[Black "Galvis, Selene"]
[Result "0-1"]
[WhiteElo "1468"]
[BlackElo "1896"]
[PlyCount "49"]
[EventDate "2011.12.04"]
[EventType "swiss"]
[EventRounds "7"]
[EventCountry "COL"]
[SourceTitle "EXT 2024"]
[Source "ChessBase"]
[SourceDate "2023.10.10"]
[SourceVersion "1"]
[SourceVersionDate "2023.10.10"]
[SourceQuality "1"]

1. e4 c5 2. Nf3 d6 3. d4 cxd4 4. Nxd4 Nf6 5. Nc3 a6 6. Bc4 e6 7. Qe2 Be7 8. e5 dxe5 9. Qxe5 Nbd7 10. Qe3 Nc5 11. f3 b5 12. Nc6 Qd7 13. Ne5 Qc7 14. Be2 0-0 15. 0-0 b4 16. Nd1 Nd5 17. Qd4 Nb3 18. Qg4 Nxa1 19. f4 Nxc2 20. Bf3 Bb7 21. Be2 Nd4 22. Bd3 Qxc1 23. Bxh7+ Kxh7 24. Qh5+ Kg8 25. Qe2 0-1

[Event "COL-ch Intercoleg-A"]
[Site "Bucaramanga"]
[Date "2011.10.19"]
[Round "2.2"]
[White "Hernandez Fonseca, Maria Paula"]
[Black "Galvis, Selene"]
[Result "1-0"]
[WhiteElo "1975"]
[BlackElo "1818"]
[PlyCount "91"]
[EventDate "2011.10.19"]
[EventType "swiss"]
[EventRounds "6"]
[EventCountry "COL"]
[SourceTitle "EXT 2024"]
[Source "ChessBase"]
[SourceDate "2023.10.10"]
[SourceVersion "1"]
[SourceVersionDate "2023.10.10"]
[SourceQuality "1"]

1. e4 c5 2. Nf3 d6 3. d4 cxd4 4. Nxd4 Nf6 5. Nc3 a6 6. Bg5 e6 7. f4 Qc7 8. Qf3 b5 9. 0-0-0 Bb7 10. Bd3 Nbd7 11. Bxf6 gxf6 12. Rhe1 Nc5 13. f5 e5 14. Nb3 b4 15. Nd5 Bxd5 16. exd5 a5 17. Bb5+ Kd8 18. Kb1 a4 19. Nd4 Be7 20. Nc6+ Kc8 21. Qh5 Bd8 22. Qg4 Qb7 23. Qg7 Re8 24. Nd4 Re7 25. Bc6 Qa7 26. Bxa8 Qxa8 27. Nc6 Rb7 28. Qf8 Rd7 29. Nxd8 Rxd8 30. Qxf7 b3 31. cxb3 axb3 32. a3 Qa4 33. Qxf6 Qc4 34. Rc1 Qxd5 35. Qh4 Qd3+ 36. Ka1 Qxf5 37. Qc4 Kd7 38. Rf1 Qg6 39. Rf7+ Ke8 40. Rcf1 Qxg2 41. Qb5+ Rd7 42. Qb8+ Rd8 43. Rf8+ Ke7 44. Qxd8+ Ke6 45. Re8+ Kd5 46. Qa8+ 1-0

[Event "COL-ch U16 Girls"]
[Site "Cali"]
[Date "2011.05.25"]
[Round "4.4"]
[White "Galvis, Selene"]
[Black "Mercado, Luisa Fernanda"]
[Result "1/2-1/2"]
[WhiteElo "1857"]
[BlackElo "2054"]
[PlyCount "129"]
[EventDate "2011.05.25"]
[EventType "tourn"]
[EventRounds "9"]
[EventCountry "COL"]
[SourceTitle "EXT 2024"]
[Source "ChessBase"]
[SourceDate "2023.10.10"]
[SourceVersion "1"]
[SourceVersionDate "2023.10.10"]
[SourceQuality "1"]

1. c4 e6 2. Nf3 d5 3. cxd5 exd5 4. g3 Nf6 5. Bg2 Bd6 6. Nc3 0-0 7. 0-0 c6 8. d3 Re8 9. Bg5 Nbd7 10. Re1 h6 11. Bd2 Nf8 12. e4 dxe4 13. dxe4 Ng6 14. Bxh6 gxh6 15. e5 Be7 16. exf6 Bxf6 17. Qxd8 Rxd8 18. Rad1 Be6 19. a3 Bb3 20. Rd2 b6 21. h4 h5 22. Rde2 Rac8 23. Ng5 Bxc3 24. bxc3 Bc4 25. Rb2 b5 26. Bf3 Rd3 27. Re3 Rxe3 28. fxe3 Re8 29. e4 Re5 30. Rd2 Kg7 31. Bxh5 f6 32. Rd7+ Ne7 33. Nf3 Rxe4 34. Nd2 Re5 35. Nxc4 bxc4 36. Bf3 a5 37. Bxc6 Kg6 38. Rc7 Nf5 39. Bd7 Nxg3 40. Rxc4 Ne2+ 41. Kf2 f5 42. h5+ Kxh5 43. Bxf5 Nxc3 44. Bg4+ Kg5 45. Rxc3 Kxg4 46. Re3 Kf5 47. Ke2 Rxe3+ 48. Kxe3 Ke5 49. Kd3 Kd5 50. Kc3 Kc5 51. Kb3 Kb5 52. a4+ Kc6 53. Kc4 Kb6 54. Kd5 Ka6 55. Kc5 Kb7 56. Kb5 Kc7 57. Kxa5 Kc6 58. Ka6 Kc7 59. Kb5 Kb7 60. a5 Kc7 61. Ka6 Kb8 62. Kb6 Ka8 63. a6 Kb8 64. a7+ Ka8 65. Ka6 1/2-1/2

[Event "South Region-ch U14 Girls"]
[Site "Neiva"]
[Date "2011.04.14"]
[Round "2.1"]
[White "Galvis, Selene"]
[Black "Viveros Torres, Erica Johana"]
[Result "1-0"]
[WhiteElo "1896"]
[BlackElo "1468"]
[PlyCount "37"]
[EventDate "2011.04.14"]
[EventType "tourn"]
[EventRounds "7"]
[EventCountry "COL"]
[SourceTitle "EXT 2024"]
[Source "ChessBase"]
[SourceDate "2023.10.10"]
[SourceVersion "1"]
[SourceVersionDate "2023.10.10"]
[SourceQuality "1"]

1. e4 e5 2. Nf3 Nc6 3. Bb5 Bc5 4. c3 Nge7 5. 0-0 0-0 6. h3 d5 7. exd5 Qxd5 8. d3 Rd8 9. Qe2 Be6 10. Rd1 Qd6 11. b4 Bb6 12. Na3 Nd5 13. Bb2 Nde7 14. Nc4 Qd5 15. Bxc6 Nxc6 16. Ncxe5 Nxe5 17. Nxe5 Re8 18. c4 Qd6 19. c5 1-0

[Event "South Region-ch U16 Girls"]
[Site "Cali"]
[Date "2011.04.05"]
[Round "4.1"]
[White "Galvis, Selene"]
[Black "Bolanos Calvache, Brigeth Vanessa"]
[Result "1-0"]
[WhiteElo "1896"]
[BlackElo "1733"]
[PlyCount "42"]
[EventDate "2011.04.05"]
[EventType "swiss"]
[EventRounds "7"]
[EventCountry "COL"]
[SourceTitle "EXT 2024"]
[Source "ChessBase"]
[SourceDate "2023.10.10"]
[SourceVersion "1"]
[SourceVersionDate "2023.10.10"]
[SourceQuality "1"]

1. e4 c5 2. Nf3 d6 3. d4 cxd4 4. Nxd4 Nf6 5. Nc3 a6 6. Be2 e6 7. a4 Be7 8. 0-0 0-0 9. Kh1 b6 10. f4 Bb7 11. Bd3 Nc6 12. Nde2 d5 13. e5 Nd7 14. Ng3 Nb4 15. Be2 d4 16. Nce4 Qc7 17. c3 dxc3 18. bxc3 Nd5 19. c4 Nb4 20. Ba3 a5 21. Qd2 Bc6 1-0